| 000 | 00471nam a2200145 4500 | ||
|---|---|---|---|
| 999 |
_c5737 _d5737 |
||
| 008 | 161116b xxu||||| |||| 00| 0 eng d | ||
| 082 | _aDPer 910.5 T69 Jan-Aug 2015 v. 1-4 | ||
| 100 |
_917567 _aGo, Marbee Shing. |
||
| 245 |
_aZipping into adventure/ _cMarbee Shing-Go |
||
| 260 |
_aPhilippines: _bOne Mega Group, _c©Jan-Aug 2015. |
||
| 300 |
_av1, page 21: _billustrations; _c28 cm. |
||
| 500 | _aTravel now. | ||
| 650 | 0 |
_917568 _aTourist trade _zMalaysia |
|
| 942 |
_2ddc _cPER |
||